শিক্ষা সমস্যা / (Record no. 61562)
[ view plain ]
| 000 -LEADER | |
|---|---|
| fixed length control field | 01017nam a2200253 a 4500 |
| 001 - CONTROL NUMBER | |
| control field | 61562 |
| 003 - CONTROL NUMBER IDENTIFIER | |
| rucl marc code | BD-RjUL |
| 005 - DATE AND TIME OF LATEST TRANSACTION | |
| control field | 20211209080958.0 |
| 008 - FIXED-LENGTH DATA ELEMENTS--GENERAL INFORMATION | |
| fixed length control field | 170119s1970 bg ||||| b||| 00| 0 ben d |
| 020 ## - INTERNATIONAL STANDARD BOOK NUMBER | |
| Terms of availability | : Tk. 2.00 |
| 035 ## - SYSTEM CONTROL NUMBER | |
| System control number | (BD-RjUL)61686 |
| 040 ## - CATALOGING SOURCE | |
| Original cataloging agency | BD-RjUL |
| Language of cataloging | ben |
| Transcribing agency | BD-RjUL |
| 041 ## - LANGUAGE CODE | |
| Language code of text/sound track or separate title | ben |
| 082 ## - DEWEY DECIMAL CLASSIFICATION NUMBER | |
| Classification number | 378.17028 |
| Author mark and year | TAS 1970 |
| 100 ## - MAIN ENTRY--PERSONAL NAME | |
| Personal name | টাসম্যান, জোসেফ |
| 9 (RLIN) | 173232 |
| 245 10 - TITLE STATEMENT | |
| Title | শিক্ষা সমস্যা / |
| Statement of responsibility, etc. | জোসেফ টাসম্যান ; অনুবাদ : মোহাম্মদ ইদ্রিস আলী |
| 260 ## - PUBLICATION, DISTRIBUTION, ETC. (IMPRINT) | |
| Place of publication, distribution, etc. | ঢাকা : |
| Name of publisher, distributor, etc. | বুক ভিলা, |
| Date of publication, distribution, etc. | ১৯৭০ |
| 300 ## - PHYSICAL DESCRIPTION | |
| Pagination | [১৪], ১৩৭ পৃ. ; |
| Size | ২৩ সেমি. |
| 504 ## - BIBLIOGRAPHY, ETC. NOTE | |
| Bibliography, etc | গ্রন্থপঞ্জি সংযুক্ত |
| 650 ## - SUBJECT ADDED ENTRY--TOPICAL TERM | |
| Topical term or geographic name as entry element | শিক্ষা, মানবিক |
| 9 (RLIN) | 170337 |
| Topical term or geographic name as entry element | Education, Humanistic. |
| 9 (RLIN) | 171727 |
| 700 ## - ADDED ENTRY--PERSONAL NAME | |
| Personal name | আলী, মোহাম্মদ ইদ্রিস, অনুবাদক |
| 942 ## - ADDED ENTRY ELEMENTS (KOHA) | |
| Source of classification or shelving scheme | Dewey Decimal Classification |
| Koha item type | Books |
| Lost status | Source of classification or shelving scheme | Damaged status | Not for loan | Collection code | Permanent Location | Current Location | Shelving location | Date acquired | Source of acquisition | Total Checkouts | Full call number | Date last seen | Copy number | Koha item type |
|---|---|---|---|---|---|---|---|---|---|---|---|---|---|---|
| Dewey Decimal Classification | Not For Loan | Non-fiction | Central Library, University of Rajshahi | Central Library, University of Rajshahi | Reading Room | 07/12/1971 | U. S. A. | B 378.17028 TAS 1970 | 19/01/2017 | C-1 | Books |